US Politicians A-Z - Statistics

General Stats
  • This quiz has been taken 46 times
  • The average score is 18 of 26
Answer Stats
Letter Hint Answer % Correct
A 2nd president John Adams
98%
O 44th president Barack Obama
93%
T 45th president Donald Trump
93%
U (First name) 18th president, Civil War general Ulysses S. Grant
88%
Z (First name) 12th president Zachary Taylor
88%
J 17th president Andrew Johnson
84%
Q George H.W. Bush's VP Dan Quayle
84%
V 8th president Martin Van Buren
81%
P John McCain's running mate, Alaska governor Sarah Palin
81%
S Independent senator from Vermont Bernie Sanders
77%
R Mormon politician, Massachusetts governor Mitt Romney
72%
C Texas senator born in Canada Ted Cruz
72%
M Jimmy Carter's VP Walter Mondale
70%
E John Kerry's running mate in 2004 John Edwards
67%
G House Speaker, "Contract with America" Newt Gingrich
65%
B First openly gay presidential candidate Pete Buttigieg
65%
F Minnesota senator, SNL comedian Al Franken
60%
H South Carolina governor, UN ambassador Nikki Haley
60%
W First female senator from Massachusetts Elizabeth Warren
58%
X (First name) Sec. of Health and Human Services,
California representative [Hint - Jesuit saint]
Xavier Becerra
58%
Y 2020 presidential candidate, universal basic income Andrew Yang
53%
N 40th governor of California Gavin Newsom
51%
D NYC mayor, 2020 presidential candidate Bill de Blasio
47%
K Minnesota senator, 2020 presidential candidate Amy Klobuchar
44%
L Civil rights activist, Georgia representative John Lewis
37%
I Georgia senator and representative [Hint: Basketball superstar] Alfred Iverson
23%
No matching quizzes found
Score Distribution
Percent of People with Each Score
Percentile by Number Answered
Your Score History
You have not taken this quiz